LEADER 00935nam a2200241 u 4500 001 000000023826 003 CaOOAMICUS 005 20070226111301.0 008 950525s1969 it u000 u fre u 035 $a10600261 040 $aPUL(R)$bita 110 2 $aSecretariatus pro non Christianis.$0(OLS)http://pul/name/20021 245 10$aA la rencontre des religions africaines. 260 $aRoma :$bAncora,$c1969. 300 $a187 p. ;$c17 cm 850 $aPUL 852 $aPUL$W1$xDP2 Religione 1$y63$m70 B 52$j33391$nBK-PRI$qStampati$B33391$CPULBib$Z2$F33391 $H31109 $82 910 $aPontificio Consiglio per il dialogo interreligioso$920021 910 $aPontificio Consiglio per il dialogo interreligioso$920021 941 1 $a8 961 $aINV: 31109 996 $6245$aA la rencontre des religions africaines$9(OLS)http://pul/title/33091 996 $6260$aRoma :$bAncora$9(OLS)http://pul/publisher/58171 LEADER 01113nam a2200289 a 4500 001 000000135001 003 CaOOAMICUS 005 20130717114814.0 008 130717s2004 it u000 u ita r 020 $a88-420-7379-2 040 $aPUL$bita 100 1 $aTogliatti, Palmiro,$d1893-1964.$0(OLS)http://pul/name/40063 245 10$aSul fascismo /$cPalmiro Togliatti ; a cura di Giuseppe Vacca. 260 $aRoma :$bLaterza,$c2004. 300 $aCLXVI, 244 p. ;$c22 cm 490 1 $aStoria e società 650 4$aFascismo$zItalia$xStoria.$0(OLS)http://pul/subject/3600 700 1 $aVacca, Giuseppe.$0(OLS)http://pul/name/39174 830 0$aStoria e società (Laterza).$0(OLS)http://pul/title/761 850 $aPUL 852 $aPUL$W1$xDP1 Fondo E. Rossi$y115$m1 T 29$j155370$qFondi$B154924$CPULBib$Z2$F154924 $82 941 1 $a1 961 $aSul dorso collocazione ms. di E. Rossi: T 13 1 996 $6020$a88-420-7379-2$9(OLS)http://pul/number/153335 996 $6245$aSul fascismo$9(OLS)http://pul/title/170745 996 $6260$aRoma :$bLaterza$9(OLS)http://pul/publisher/47864